000 00470nam a2200181Ia 4500
008 100917s9999 xx 000 0 und d
082 _b3742
100 _aभावे पुरूषोत्तम भास्कर
245 _aस्वप्न
260 _b---
300 _a139
365 _b3
520 _aकादंबरी
630 _aस्वप्न
650 _aकादंबरी
730 _aस्वप्न
942 _cBOOK
999 _c609136
_d609133